Groupe de deux - Films - Statistiques

Statistiques générales
  • Ce quiz a été pris 6 102 fois
  • Le résultat moyen est 20 sur 38
Statistiques - réponses
Groupes Réponses % Correct
Soeurs du film " La Reine des neiges" Elsa
91%
Duo d'humoristes dans "La Tour Montparnasse Infernale" Éric Judor
91%
Duo d'humoristes dans "La Tour Montparnasse Infernale" Ramzy Bedia
89%
Personnages principaux de Toy Story Buzz l'Éclair
86%
Droïdes de Star Wars (trilogie originale) R2-D2
85%
Les frères Affleck Ben
84%
Personnages qui ont chanté "Hakuna Matata" Pumbaa
82%
Les soeurs Lamy Alexandra
80%
Soeurs du film " La Reine des neiges" Anna
79%
Duo de "La Grande Vadrouille" ou "La Traversée de Paris" Louis de Funès
79%
Personnages principaux de Toy Story Woody
77%
Films pour lesquels Tom Hanks a gagné un oscar du meilleur acteur Forrest Gump
76%
Droïdes de Star Wars (trilogie originale) C-3PO
73%
Stars principales de "Fight Club" Brad Pitt
72%
Personnages qui ont chanté "Hakuna Matata" Timon
72%
Villes dans lesquels "Very Bad Trip" a lieu Las Vegas
70%
Les soeurs Lamy Audrey
66%
Les super-héros interprétés par Ryan Reynolds Deadpool
65%
Hobbits qui sont allés au Mordor Frodon Sacquet
62%
Duo de "La Grande Vadrouille" ou "La Traversée de Paris" Bourvil
61%
Hobbits qui sont allés au Mordor Samsagace Gamegie
52%
Films français ayant rempoté un Oscar du meilleur film The Artist
51%
Les super-héros interprétés par Ryan Reynolds Green Lantern
43%
Duo de "La Chèvre" ou "Les Fugitifs" Gérard Depardieu
42%
Couple jouant ensemble dans "Jeux d'enfants" Marion Cotillard
34%
Duo de "La Chèvre" ou "Les Fugitifs" Pierre Richard
34%
Stars principales de "Fight Club" Edward Norton
33%
Villes dans lesquels "Very Bad Trip" a lieu Bangkok
32%
Couple jouant ensemble dans "Jeux d'enfants" Guillaume Canet
32%
Films de catastrophes d'astéroïdes sortis en 1998 Armageddon
26%
Stars de "L'Arme Fatale" Mel Gibson
26%
Les frères Affleck Casey
25%
Films pour lesquels Tom Hanks a gagné un oscar du meilleur acteur Philadelphia
18%
Stars de "L'Arme Fatale" Danny Glover
13%
Frères de Michael Corleone Fredo
11%
Frères de Michael Corleone Sonny
9%
Films de catastrophes d'astéroïdes sortis en 1998 Deep Impact
6%
Films français ayant rempoté un Oscar du meilleur film Coda
1%
Aucun quiz correspondant
Distribution des résultats
% des personnes avec chaque résultat
Percentile par nombre de réponses
Votre historique - résultats
Vous n’avez pas pris ce quiz